[Event "UK Armed Forces ch"]
[Site "Wittering"]
[Date "2023.04.15"]
[Round "4.26"]
[White "Brewer, Sam"]
[Black "Stynes, Peri-Jake"]
[Result "1/2-1/2"]
[WhiteElo "1389"]
[BlackElo "1000"]
[PlyCount "99"]
[EventDate "2023.04.14"]
[EventType "swiss"]
[EventRounds "7"]
[EventCountry "ENG"]
[SourceVersionDate "2023.04.22"]

1. d4 e5 2. dxe5 Bc5 3. Nf3 d6 4. e3 Ne7 5. exd6 Qxd6 6. Qxd6 Bxd6 7. Bc4 h6 8.
b3 Bf5 9. c3 Nbc6 10. Nbd2 Na5 11. Nd4 Nxc4 12. Nxc4 O-O-O 13. Nxf5 Nxf5 14.
O-O Rd7 15. e4 Ne7 16. Be3 Nc6 17. Rfd1 Rhd8 18. Bd4 Be5 19. Nxe5 Nxe5 20. Re1
Nd3 21. Re3 Nf4 22. Rae1 c5 23. Bxc5 Nd3 24. Bd4 Nxe1 25. Rxe1 g5 26. h4 gxh4
27. Kh2 Rg8 28. Re3 Rd6 29. Kh3 Rdg6 30. g3 h5 31. Kxh4 Rg4+ 32. Kh3 h4 33.
Bxa7 hxg3 34. Rxg3 Rxg3+ 35. fxg3 Re8 36. Bd4 Rxe4 37. b4 b5 38. g4 Re2 39. Kg3
Rxa2 40. Kf4 Ra6 41. Ke5 Kb7 42. Kd5 Rc6 43. g5 Rc8 44. Bf6 Ka6 45. Kd6 Re8 46.
Kd7 Re6 47. Kc7 Re4 48. Kd7 Kb7 49. Kd6 Re6+ 50. Kc5 1/2-1/2

[Event "UK Armed Forces ch"]
[Site "Wittering"]
[Date "2023.04.15"]
[Round "4.27"]
[White "Downey, Finlay"]
[Black "Jennings, Jim"]
[Result "1-0"]
[WhiteElo "900"]
[BlackElo "1358"]
[PlyCount "85"]
[EventDate "2023.04.14"]
[EventType "swiss"]
[EventRounds "7"]
[EventCountry "ENG"]
[SourceVersionDate "2023.04.22"]

1. e4 c5 2. Nc3 Nc6 3. Nf3 e5 4. Bc4 Qf6 5. Nd5 Qd6 6. a4 Nf6 7. d3 Nd4 8. O-O
Nxd5 9. Bxd5 h6 10. c3 Nxf3+ 11. Qxf3 Qg6 12. d4 d6 13. b4 Bg4 14. Bxf7+ Kd7
15. Qg3 Qxf7 16. Qxg4+ Kc7 17. d5 Re8 18. Qe2 a6 19. a5 Be7 20. b5 Ra8 21. Rb1
Rhb8 22. Be3 Kd8 23. Rb2 Ke8 24. Rfb1 Bd8 25. bxa6 Bxa5 26. Rxb7 Rxb7 27. Rxb7
Bc7 28. a7 Kf8 29. Qb5 Qh5 30. f3 Qh4 31. g3 Qd8 32. Qc6 Rc8 33. Rxc7 Ra8 34.
c4 g5 35. g4 Kg8 36. Bd2 Qf8 37. h3 Kh8 38. h4 gxh4 39. Bxh6 Qd8 40. Bg5 Qg8
41. Bxh4 Rf8 42. Qxd6 Rxf3 43. Bf6+ 1-0

[Event "UK Armed Forces ch"]
[Site "Wittering"]
[Date "2023.04.15"]
[Round "4.28"]
[White "McBride, Robert"]
[Black "Dean, Nicholas"]
[Result "1-0"]
[WhiteElo "1350"]
[BlackElo "800"]
[PlyCount "47"]
[EventDate "2023.04.14"]
[EventType "swiss"]
[EventRounds "7"]
[EventCountry "ENG"]
[SourceVersionDate "2023.04.22"]

1. e4 c6 2. Bc4 e6 3. d4 d5 4. Bd3 Ne7 5. e5 g6 6. Nf3 Bg7 7. Nc3 O-O 8. h4 h5
9. Nh2 Nd7 10. g4 c5 11. gxh5 cxd4 12. Ne2 Nxe5 13. Nf4 Nf5 14. Bxf5 exf5 15.
hxg6 Nxg6 16. Qh5 Nxf4 17. Bxf4 Qf6 18. O-O-O Qg6 19. Qg5 Qxg5 20. Bxg5 Bd7 21.
Rhg1 Rfe8 22. Bf6 Re2 23. Rxg7+ Kf8 24. Rdg1 1-0

[Event "UK Armed Forces ch"]
[Site "Wittering"]
[Date "2023.04.15"]
[Round "4.36"]
[White "Stewart, Christopher"]
[Black "Houghton, Stephen"]
[Result "1-0"]
[WhiteElo "900"]
[BlackElo "1315"]
[PlyCount "89"]
[EventDate "2023.04.14"]
[EventType "swiss"]
[EventRounds "7"]
[EventCountry "ENG"]
[SourceVersionDate "2023.04.22"]

1. d4 d5 2. Bf4 Bf5 3. e3 e6 4. Nf3 c5 5. c3 Nf6 6. Qa4+ Nc6 7. Bb5 Qd7 8. Ne5
Qc8 9. Nxc6 bxc6 10. Bxc6+ Nd7 11. Bxa8 Qxa8 12. O-O Be7 13. Nd2 O-O 14. Qxd7
Bf6 15. Nf3 h6 16. Be5 Rd8 17. Qc7 Rc8 18. Qd6 Bxe5 19. Nxe5 Qb7 20. Qd7 Qxd7
21. Nxd7 Rc7 22. Ne5 Rb7 23. dxc5 f6 24. c6 Rc7 25. Nf3 Rxc6 26. h3 g5 27. Nd2
Kg7 28. e4 dxe4 29. Rac1 h5 30. Rfe1 g4 31. hxg4 hxg4 32. Nxe4 Kg6 33. Ng3 Kg5
34. Nxf5 Kxf5 35. g3 Kg5 36. Re3 f5 37. Rce1 Kf6 38. b4 Rc4 39. Rxe6+ Kg5 40.
R1e3 Rc8 41. Ra6 Rf8 42. Rxa7 f4 43. Ra5+ Kf6 44. gxf4 Rh8 45. Rg3 1-0

[Event "UK Armed Forces ch"]
[Site "Wittering"]
[Date "2023.04.16"]
[Round "5.1"]
[White "Tenin, Aleksander"]
[Black "Onley, David E"]
[Result "0-1"]
[WhiteElo "2072"]
[BlackElo "2174"]
[PlyCount "98"]
[EventDate "2023.04.14"]
[EventType "swiss"]
[EventRounds "7"]
[EventCountry "ENG"]
[SourceVersionDate "2023.04.22"]

1. Nf3 Nf6 2. g3 g6 3. b3 Bg7 4. Bb2 O-O 5. Bg2 d6 6. d3 a5 7. a3 e5 8. Nbd2
Nc6 9. e3 h6 10. h3 Nh7 11. Ng1 f5 12. Bd5+ Kh8 13. Ne2 Qe7 14. O-O g5 15. Kh2
Bd7 16. f4 Rae8 17. e4 Nd8 18. b4 c6 19. Bb3 a4 20. Bxa4 fxe4 21. dxe4 gxf4 22.
gxf4 exf4 23. Bxg7+ Qxg7 24. Nxf4 Rxf4 25. Rxf4 Qe5 26. Qf1 Rf8 27. Nc4 Qxf4+
28. Qxf4 Rxf4 29. Nxd6 Ng5 30. Rd1 Rf2+ 31. Kg1 Nxh3+ 32. Kh1 Bg4 33. Rd3 Bf3+
34. Rxf3 Rxf3 35. Kg2 Rxa3 36. Bb3 Ng5 37. Kg3 Kg7 38. Kf4 Ra1 39. Nf5+ Kg6 40.
Ne7+ Kf6 41. Ng8+ Kg7 42. Ne7 Ndf7 43. Bc4 Rb1 44. Nf5+ Kf6 45. Nxh6 Nxh6 46.
e5+ Ke7 47. Kxg5 Rxb4 48. Bb3 Nf7+ 49. Kf5 Rb5 0-1

[Event "UK Armed Forces ch"]
[Site "Wittering"]
[Date "2023.04.16"]
[Round "5.2"]
[White "Thurlow, Kevin J"]
[Black "Treasurer, John"]
[Result "1/2-1/2"]
[WhiteElo "2009"]
[BlackElo "2066"]
[PlyCount "79"]
[EventDate "2023.04.14"]
[EventType "swiss"]
[EventRounds "7"]
[EventCountry "ENG"]
[SourceVersionDate "2023.04.22"]

1. c4 c5 2. Nc3 Nc6 3. Nf3 g6 4. d4 cxd4 5. Nxd4 Bg7 6. e3 Nf6 7. Be2 d6 8. O-O
O-O 9. b3 Bd7 10. Bb2 Rc8 11. Rc1 a6 12. Qd2 Re8 13. Bf3 Qa5 14. Rfd1 Nxd4 15.
exd4 b5 16. cxb5 axb5 17. a3 Rc7 18. b4 Qb6 19. Ne2 Rec8 20. Rxc7 Rxc7 21. Rc1
Kf8 22. d5 Qb7 23. h3 Qc8 24. Rxc7 Qxc7 25. g4 Kg8 26. Nd4 Qc4 27. Nc6 e5 28.
dxe6 Bxc6 29. Qxd6 Be8 30. Bxf6 Qc1+ 31. Kg2 Bxf6 32. exf7+ Kxf7 33. Bd5+ Kg7
34. Qe6 Qd2 35. h4 Bxh4 36. Qg8+ Kf6 37. Qf8+ Kg5 38. Qe7+ Kf4 39. Qd6+ Kg5 40.
Qe7+ 1/2-1/2

[Event "UK Armed Forces ch"]
[Site "Wittering"]
[Date "2023.04.16"]
[Round "5.3"]
[White "Parker, Glen D"]
[Black "Wells, Daniel J"]
[Result "0-1"]
[WhiteElo "2053"]
[BlackElo "2042"]
[PlyCount "110"]
[EventDate "2023.04.14"]
[EventType "swiss"]
[EventRounds "7"]
[EventCountry "ENG"]
[SourceVersionDate "2023.04.22"]

1. e4 c5 2. a3 d5 3. exd5 Nf6 4. Bb5+ Bd7 5. Bc4 b5 6. Be2 Nxd5 7. d4 e6 8. Nf3
Be7 9. dxc5 Bxc5 10. O-O O-O 11. c4 bxc4 12. Bxc4 Bc6 13. b4 Be7 14. Ra2 Nd7
15. Rd2 N7b6 16. Bb3 Bf6 17. Nd4 Bb7 18. Qg4 Rc8 19. Rfd1 Qe7 20. Re2 Rfd8 21.
Rde1 Nc4 22. Nxe6 fxe6 23. Bxc4 Kh8 24. Rxe6 Qc7 25. Qe2 Rf8 26. Bb3 Qxc1 27.
Rxc1 Rxc1+ 28. Bd1 Rxb1 29. h3 Nc3 30. Qh5 Rxd1+ 31. Kh2 Rdd8 32. a4 Nd5 33.
Re4 Nc3 34. Re1 Nxa4 35. Qb5 Nb6 36. Qc5 Nc8 37. f4 Bd4 38. Qc7 Ba8 39. g3 Bb6
40. Qc3 Rfe8 41. Re5 Rxe5 42. fxe5 Rf8 43. h4 Ne7 44. h5 h6 45. Qd3 Rf5 46. Kh3
Rxh5+ 47. Kg4 Rg5+ 48. Kh3 Rh5+ 49. Kg4 Rxe5 50. Qd7 Re4+ 51. Kh3 Bd5 52. Qb5
Be6+ 53. Kg2 Bg4 54. Qd3 Re2+ 55. Kf1 Nf5 0-1

[Event "UK Armed Forces ch"]
[Site "Wittering"]
[Date "2023.04.16"]
[Round "5.4"]
[White "Officer, Paul"]
[Black "Glover, John"]
[Result "1/2-1/2"]
[WhiteElo "1668"]
[BlackElo "1656"]
[PlyCount "110"]
[EventDate "2023.04.14"]
[EventType "swiss"]
[EventRounds "7"]
[EventCountry "ENG"]
[SourceVersionDate "2023.04.22"]

1. e4 d5 2. exd5 Qxd5 3. Nc3 Qd8 4. Nf3 Nf6 5. Bc4 Bf5 6. d3 a6 7. a4 e6 8. h3
Be7 9. Be3 c5 10. O-O O-O 11. Nh4 Bg6 12. Nxg6 hxg6 13. Ne4 Nxe4 14. dxe4 Nc6
15. c3 Qc7 16. Qe2 Rad8 17. Rfd1 Rxd1+ 18. Rxd1 Rd8 19. Rxd8+ Qxd8 20. Qd2 Qxd2
21. Bxd2 Kf8 22. f4 Nd8 23. Kf2 a5 24. g4 b6 25. Kf3 Nc6 26. Bb5 Nd8 27. Bd3
Nc6 28. Bb5 Nd8 29. Bd7 Bd6 30. e5 Bc7 31. b4 Ke7 32. Bb5 Nb7 33. Ba6 Nd8 34.
bxa5 bxa5 35. Be3 Bb6 36. Ke4 f6 37. h4 fxe5 38. fxe5 Nc6 39. Bb5 Kd7 40. Kf4
Kc7 41. Bxc6 Kxc6 42. Kg5 Bd8+ 43. Kxg6 Bxh4 44. Kxg7 Bg3 45. Kf6 Kd5 46. g5
Bxe5+ 47. Kf7 Bxc3 48. g6 c4 49. Bg5 Bh8 50. Bf6 Bxf6 51. Kxf6 c3 52. g7 c2 53.
g8=Q c1=Q 54. Qxe6+ Kd4 55. Qe5+ Kd3 1/2-1/2

[Event "UK Armed Forces ch"]
[Site "Wittering"]
[Date "2023.04.16"]
[Round "5.6"]
[White "Graham, Frazer"]
[Black "Turvey, Adam"]
[Result "1-0"]
[WhiteElo "1967"]
[BlackElo "1562"]
[PlyCount "67"]
[EventDate "2023.04.14"]
[EventType "swiss"]
[EventRounds "7"]
[EventCountry "ENG"]
[SourceVersionDate "2023.04.22"]

1. e4 c6 2. d4 d5 3. Bd3 dxe4 4. Bxe4 e5 5. dxe5 Qxd1+ 6. Kxd1 f6 7. f4 fxe5 8.
fxe5 g6 9. Nf3 Bg4 10. h3 Bxf3+ 11. gxf3 Nd7 12. f4 Nc5 13. Nc3 O-O-O+ 14. Ke2
Ne7 15. Be3 Nxe4 16. Nxe4 Nd5 17. c4 Nxe3 18. Kxe3 Be7 19. Rad1 Kc7 20. c5 h6
21. Nd6 Rhf8 22. b4 Bxd6 23. cxd6+ Kd7 24. Rhg1 Rg8 25. Rg2 Rde8 26. Ke4 Re6
27. h4 Rg7 28. h5 Rg8 29. Rdg1 g5 30. f5 Ree8 31. Rd1 Rg7 32. e6+ Kd8 33. Ke5
g4 34. d7 1-0

[Event "UK Armed Forces ch"]
[Site "Wittering"]
[Date "2023.04.16"]
[Round "5.7"]
[White "Kelly, Richard"]
[Black "Rossetti, Oliver"]
[Result "0-1"]
[WhiteElo "1845"]
[BlackElo "1500"]
[PlyCount "64"]
[EventDate "2023.04.14"]
[EventType "swiss"]
[EventRounds "7"]
[EventCountry "ENG"]
[SourceVersionDate "2023.04.22"]

1. d4 Nf6 2. c4 e6 3. Nc3 Bb4 4. Bg5 Bxc3+ 5. bxc3 h6 6. Bh4 b6 7. Nf3 Bb7 8.
e3 d6 9. Bd3 Nbd7 10. Qe2 Qe7 11. e4 e5 12. O-O g5 13. Bg3 O-O-O 14. Nd2 h5 15.
f3 h4 16. Bf2 Nh5 17. Bc2 Nf4 18. Qe3 Rdg8 19. g4 hxg3 20. Bxg3 Nf6 21. Kf2 Rh3
22. Rg1 g4 23. Bxf4 exf4 24. Qxf4 Kb8 25. Rg2 Nh5 26. Qe3 Qh4+ 27. Kf1 Rxh2 28.
Qf2 Rh1+ 29. Rg1 Ng3+ 30. Ke1 Rxg1+ 31. Qxg1 Nxe4+ 32. Kd1 Nxc3+ 0-1

[Event "UK Armed Forces ch"]
[Site "Wittering"]
[Date "2023.04.16"]
[Round "5.8"]
[White "Morrison, Munroe L"]
[Black "Johnston, Kieran"]
[Result "0-1"]
[WhiteElo "1704"]
[BlackElo "1396"]
[PlyCount "36"]
[EventDate "2023.04.14"]
[EventType "swiss"]
[EventRounds "7"]
[EventCountry "ENG"]
[SourceVersionDate "2023.04.22"]

1. d4 b6 2. e4 e6 3. Bd3 Bb7 4. c3 Nf6 5. f3 d6 6. Be3 Be7 7. Nd2 c5 8. Ne2
Nbd7 9. O-O O-O 10. Qe1 Ne8 11. Qg3 f5 12. Nf4 Rf6 13. exf5 exf5 14. Rae1 Nf8
15. Bc4+ d5 16. Bd3 Bd6 17. c4 Ng6 18. dxc5 bxc5 0-1

[Event "UK Armed Forces ch"]
[Site "Wittering"]
[Date "2023.04.16"]
[Round "5.9"]
[White "Ross, David C (Snr)"]
[Black "Jackson, Richard"]
[Result "1-0"]
[WhiteElo "1695"]
[BlackElo "1332"]
[PlyCount "72"]
[EventDate "2023.04.14"]
[EventType "swiss"]
[EventRounds "7"]
[EventCountry "ENG"]
[SourceVersionDate "2023.04.22"]

1. e4 e5 2. Nf3 Nc6 3. c3 d5 4. Qa4 Bd7 5. exd5 Nd4 6. Qd1 Nxf3+ 7. Qxf3 Bc5 8.
b4 Bd6 9. Bc4 Nf6 10. O-O O-O 11. d3 h6 12. Nd2 c5 13. a3 b5 14. Bb3 cxb4 15.
axb4 Bg4 16. Qe3 Bb8 17. c4 bxc4 18. dxc4 e4 19. Nxe4 Nxe4 20. Qxe4 Qd6 21. g3
Bh3 22. Re1 Qxb4 23. Bc2 Bf5 24. Qe2 (24. Qxf5 Qxe1+) 24... Qc3 25. Bxf5 Qxa1
26. Bxh6 Qf6 27. Bxg7 Qxg7 28. c5 Bc7 29. d6 Ba5 30. Rb1 Rfe8 31. Qb5 Bc3 32.
d7 Red8 33. c6 Qe5 34. Qxe5 Bxe5 35. Rb7 a5 36. c7 Bxc7 {Black exceeded the
time limit} 1-0

[Event "UK Armed Forces ch"]
[Site "Wittering"]
[Date "2023.04.16"]
[Round "5.10"]
[White "Cooney, Jack"]
[Black "Portman, Carl S"]
[Result "1-0"]
[WhiteElo "1130"]
[BlackElo "1930"]
[PlyCount "149"]
[EventDate "2023.04.14"]
[EventType "swiss"]
[EventRounds "7"]
[EventCountry "ENG"]
[SourceVersionDate "2023.04.22"]

1. d4 d5 2. Nf3 Nf6 3. Bf4 e6 4. e3 c5 5. c3 Nc6 6. Bd3 Bd6 7. Bxd6 Qxd6 8. O-O
O-O 9. Nbd2 cxd4 10. exd4 Re8 11. Re1 Qf4 12. g3 Qh6 13. Ne5 g6 14. f4 Nd7 15.
Ndf3 f6 16. Nxc6 bxc6 17. Qa4 Nb6 18. Qxc6 Bd7 19. Qd6 Qf8 20. Qxf8+ Kxf8 21.
Rac1 Rab8 22. Rc2 Rec8 23. Ba6 Rc7 24. Ree2 Nc4 25. Bxc4 dxc4 26. Nd2 e5 27.
dxe5 Bf5 28. Ne4 fxe5 29. fxe5 Ke7 30. Rcd2 Rd8 31. Nd6 Bd3 32. Rf2 Ke6 33. Rf3
Rb8 34. Re3 Rc5 35. Ne4 Rcb5 36. Ng5+ Ke7 37. Nxh7 Rxb2 38. Rxb2 Rxb2 39. Nf6
Rxa2 40. Nd5+ Ke6 41. Nf4+ Ke7 42. Nxd3 cxd3 43. Rxd3 Ke6 44. Rd6+ Kxe5 45.
Rxg6 a5 46. h4 a4 47. h5 Rd2 48. h6 Rd8 49. h7 Rh8 50. Rg7 a3 51. Ra7 a2 52.
Kg2 Rxh7 53. Rxa2 Rc7 54. Rc2 Rc4 55. Kf3 Kf5 56. Rc1 Kg5 57. Rc2 Kf5 58. Ke3
Kg4 59. Kd3 Rc8 60. c4 Kxg3 61. Ke4 Re8+ 62. Kd5 Rd8+ 63. Ke6 Kf4 64. c5 Re8+
65. Kd7 Rh8 66. c6 Rh7+ 67. Kd8 Rh8+ 68. Kc7 Ke5 69. Rd2 Rh1 70. Kc8 Rh8+ 71.
Rd8 Rh1 72. c7 Ke6 73. Kb7 Rb1+ 74. Ka6 Ra1+ 75. Kb5 1-0

[Event "UK Armed Forces ch"]
[Site "Wittering"]
[Date "2023.04.16"]
[Round "5.11"]
[White "Millener, Richard P"]
[Black "Bradley, William"]
[Result "1/2-1/2"]
[WhiteElo "1740"]
[BlackElo "1831"]
[PlyCount "81"]
[EventDate "2023.04.14"]
[EventType "swiss"]
[EventRounds "7"]
[EventCountry "ENG"]
[SourceVersionDate "2023.04.22"]

1. f4 c5 2. Nf3 Nc6 3. b3 Nf6 4. e3 a6 5. Bb2 g6 6. Be2 Bg7 7. O-O O-O 8. h3 d5
9. d3 Qc7 10. Qe1 d4 11. e4 Qxf4 12. Bc1 Qc7 13. Qh4 Ne5 14. Nxe5 Qxe5 15. Bf4
Qe6 16. Nd2 h5 17. Rf2 Nh7 18. Qg3 a5 19. a4 Bd7 20. Nc4 b5 21. axb5 Bxb5 22.
Nb2 Nf6 23. Bf3 Nd7 24. Na4 Bxa4 25. Rxa4 Kh7 26. e5 Ra7 27. Re2 Nb6 28. Ra1
Nd5 29. Bd2 Nb4 30. Bxb4 cxb4 31. Rf1 Bh6 32. Re4 Be3+ 33. Kh1 Rc7 34. Bd1 f5
35. exf6 Rxf6 36. Rxf6 (36. Rxe6 Rxf1+ 37. Kh2 Bf4) 36... Qxf6 37. Rxe3 dxe3
38. Qxc7 Qf1+ 39. Kh2 Qxd1 40. Qxe7+ Kg8 41. Qe6+ 1/2-1/2

[Event "UK Armed Forces ch"]
[Site "Wittering"]
[Date "2023.04.16"]
[Round "5.12"]
[White "Sherpa, Ngadi"]
[Black "O'Byrne, Danny"]
[Result "0-1"]
[WhiteElo "1819"]
[BlackElo "1682"]
[PlyCount "88"]
[EventDate "2023.04.14"]
[EventType "swiss"]
[EventRounds "7"]
[EventCountry "ENG"]
[SourceVersionDate "2023.04.22"]

1. e4 e6 2. d4 d5 3. exd5 exd5 4. Nf3 Bd6 5. Be3 Nf6 6. h3 c6 7. c3 h6 8. Bd3
Ne4 9. Nbd2 Qe7 10. O-O f5 11. Re1 O-O 12. Nb3 Nd7 13. Qc2 Kh8 14. Re2 g5 15.
Nh2 Ndf6 16. f3 Ng3 17. Ree1 Qc7 18. Bf2 Nge4 19. Nf1 Nxf2 20. Qxf2 Bd7 21. Re2
Ne4 22. Qe1 Ng3 23. Nxg3 Bxg3 24. Qd2 Rae8 25. Qc2 Rxe2 26. Qxe2 Re8 27. Qc2
Qf4 28. Nd2 Qe3+ 29. Kh1 Bd6 30. Nf1 Qf4 31. Qf2 g4 32. Qh4 Be7 33. Qh5 Rg8 34.
hxg4 fxg4 35. Qe5+ Qxe5 36. dxe5 gxf3 37. gxf3 Bc5 38. f4 Rf8 39. Re1 Rxf4 40.
e6 Be8 41. Kg2 Rf2+ 42. Kh3 Rf3+ 43. Ng3 Rxd3 44. Kg4 Bf2 0-1

[Event "UK Armed Forces ch"]
[Site "Wittering"]
[Date "2023.04.16"]
[Round "5.13"]
[White "Knipe, Matthew"]
[Black "Foulds, Andrew"]
[Result "0-1"]
[WhiteElo "1654"]
[BlackElo "1814"]
[PlyCount "87"]
[EventDate "2023.04.14"]
[EventType "swiss"]
[EventRounds "7"]
[EventCountry "ENG"]
[SourceVersionDate "2023.04.22"]

1. e4 d5 2. exd5 Nf6 3. Nf3 Nxd5 4. Bc4 c6 5. O-O Bg4 6. d4 e6 7. Qd3 Bf5 8.
Qd2 Be7 9. Bxd5 cxd5 10. a3 Nd7 11. Nc3 Nb6 12. b3 Rc8 13. Ra2 O-O 14. Ne2 Nd7
15. c3 h6 16. a4 Nf6 17. Ng3 Bh7 18. Ba3 Rc7 19. Bxe7 Qxe7 20. Ne5 Rfc8 21. Rc1
Nd7 22. Qe3 Nxe5 23. dxe5 Qc5 24. Qxc5 Rxc5 25. c4 dxc4 26. b4 Rxe5 27. Rd2 Rd5
28. Rxd5 exd5 29. Ne2 Kf8 30. Nd4 Re8 31. Nb5 a6 32. Nd6 Re7 33. f3 Rd7 34. Nc8
Bd3 35. Kf2 d4 36. Nb6 Rc7 37. Nd5 Rc6 38. b5 axb5 39. axb5 Rc5 40. Nf4 Bf5 41.
g4 Bd7 42. b6 c3 43. Ke2 Bb5+ 44. Nd3 0-1

[Event "UK Armed Forces ch"]
[Site "Wittering"]
[Date "2023.04.16"]
[Round "5.14"]
[White "Nelder, Alan J"]
[Black "Barnes, David"]
[Result "1-0"]
[WhiteElo "1596"]
[BlackElo "1789"]
[Annotator "Thurlow, Kevin J"]
[PlyCount "43"]
[EventDate "2023.04.14"]
[EventType "swiss"]
[EventRounds "7"]
[EventCountry "ENG"]
[SourceVersionDate "2023.04.22"]

1. e4 e5 2. Nf3 Nf6 3. Nc3 Bc5 4. Bc4 Nc6 5. O-O d6 6. d3 Bg4 7. Bg5 Nd4 8. Na4
Bb6 9. Nxb6 axb6 10. c3 Nxf3+ 11. gxf3 Bh5 12. d4 Qd7 13. Be2 h6 14. Bh4 Qh3
15. Bg3 O-O-O 16. dxe5 dxe5 17. Qa4 Kb8 18. Rfd1 Nd7 19. b4 f6 20. Rd2 Be8 21.
Rad1 h5 22. Qb3 {23.Bf1 wins} 1-0

[Event "UK Armed Forces ch"]
[Site "Wittering"]
[Date "2023.04.16"]
[Round "5.16"]
[White "Dray-Pearce, Tristan"]
[Black "Wride, Edward"]
[Result "1-0"]
[WhiteElo "1766"]
[BlackElo "1552"]
[PlyCount "47"]
[EventDate "2023.04.14"]
[EventType "swiss"]
[EventRounds "7"]
[EventCountry "ENG"]
[SourceVersionDate "2023.04.22"]

1. d4 Nf6 2. Nc3 g6 3. Bf4 d6 4. e4 Bg7 5. Qd2 O-O 6. Bh6 e5 7. Bxg7 Kxg7 8.
O-O-O exd4 9. Qxd4 Nc6 10. Qe3 Qe7 11. f3 Be6 12. h4 h5 13. Nge2 Ne5 14. Nf4
Bc4 15. Bxc4 Nxc4 16. Qe2 Ne5 17. Ncd5 Nxd5 18. Nxd5 Qd7 19. g4 hxg4 20. h5 Rh8
21. h6+ Rxh6 22. Rxh6 Kxh6 23. Rh1+ Kg7 24. Rh7+ 1-0

[Event "UK Armed Forces ch"]
[Site "Wittering"]
[Date "2023.04.16"]
[Round "5.17"]
[White "Woolf, Ben"]
[Black "Murray, Thomas"]
[Result "1-0"]
[WhiteElo "1596"]
[BlackElo "1437"]
[PlyCount "93"]
[EventDate "2023.04.14"]
[EventType "swiss"]
[EventRounds "7"]
[EventCountry "ENG"]
[SourceVersionDate "2023.04.22"]

1. e4 d5 2. exd5 Qxd5 3. Nf3 Qd8 4. d4 e6 5. Be2 Nf6 6. O-O Bd6 7. c4 b6 8. Nc3
Bb7 9. Bg5 h6 10. Be3 Nbd7 11. a3 O-O 12. Qd2 Ng4 13. Bf4 f5 14. Bxd6 cxd6 15.
h3 Ngf6 16. b4 a6 17. Rac1 Rc8 18. Rfd1 Ne4 19. Qe3 Qe7 20. Nxe4 fxe4 21. Nd2
d5 22. c5 b5 23. Nb3 e5 24. Bg4 Rc7 25. Qg3 Bc6 26. Bxd7 Bxd7 27. Qxe5 Qxe5 28.
dxe5 Bc6 29. Nd4 Bd7 30. e6 Bc8 31. Rc3 Re8 32. Rg3 Rd8 33. Rg4 g5 34. h4 Rg7
35. h5 Kf8 36. Rg3 Rh7 37. f3 Bb7 38. f4 gxf4 39. Rg4 Ke7 40. Rxf4 Rg8 41. Rdf1
Ba8 42. Rf7+ Rxf7 43. Rxf7+ Ke8 44. Ra7 Rg4 45. Rxa8+ Ke7 46. Ra7+ Ke8 47. c6
1-0

[Event "UK Armed Forces ch"]
[Site "Wittering"]
[Date "2023.04.16"]
[Round "5.18"]
[White "Searle, Tristan"]
[Black "Fielding, Michael"]
[Result "1/2-1/2"]
[WhiteElo "1345"]
[BlackElo "1743"]
[PlyCount "94"]
[EventDate "2023.04.14"]
[EventType "swiss"]
[EventRounds "7"]
[EventCountry "ENG"]
[SourceVersionDate "2023.04.22"]

1. e4 c6 2. d4 d5 3. Nc3 dxe4 4. Nxe4 Nf6 5. Ng3 e6 6. Nf3 c5 7. Bb5+ Nc6 8.
O-O Be7 9. dxc5 O-O 10. Bxc6 bxc6 11. b4 Nd5 12. a3 a5 13. Bd2 Bf6 14. c3 Nxc3
15. Qc2 axb4 16. Bxc3 Bxc3 17. Rad1 Qa5 18. Ne4 Ba6 19. Nfg5 g6 20. axb4 Bxb4
21. Qb2 Bc3 22. Nxc3 Bxf1 23. Nce4 Qc7 24. Nf6+ Kh8 25. Nfxh7+ Kg8 26. Nxf8
Rxf8 27. Rxf1 Qf4 28. Nf3 Rb8 29. Qd4 Qc7 30. g3 Rd8 31. Qa1 Qe7 32. Rd1 Rxd1+
33. Qxd1 Qxc5 34. Qd7 Qf5 35. Nd4 Qb1+ 36. Kg2 Qe4+ 37. f3 Qe5 38. f4 Qe4+ 39.
Kh3 c5 40. Qc8+ Kg7 41. Nb3 Qf5+ 42. Kg2 Qc2+ 43. Kh3 Qxb3 44. Qxc5 Qd5 45.
Qc3+ Kh7 46. Qf6 Qh5+ 47. Kg2 Qe2+ 1/2-1/2

[Event "UK Armed Forces ch"]
[Site "Wittering"]
[Date "2023.04.16"]
[Round "5.19"]
[White "Nganga, Charles"]
[Black "Woodrough, Thomas"]
[Result "0-1"]
[WhiteElo "1340"]
[BlackElo "1600"]
[PlyCount "140"]
[EventDate "2023.04.14"]
[EventType "swiss"]
[EventRounds "7"]
[EventCountry "ENG"]
[SourceVersionDate "2023.04.22"]

1. d4 g6 2. e3 Bg7 3. Nf3 d6 4. Be2 Nd7 5. O-O Ngf6 6. Nc3 O-O 7. a3 a6 8. Ra2
b5 9. d5 Bb7 10. e4 c6 11. dxc6 Bxc6 12. Bd3 Nc5 13. e5 Bxf3 14. Qxf3 dxe5 15.
Qd1 Nxd3 16. cxd3 Qc7 17. Ne2 e4 18. d4 Ng4 19. Bf4 e5 20. dxe5 Bxe5 21. Bxe5
Qxe5 22. Ng3 h5 23. b4 Rfe8 24. Re2 f5 25. h3 Nf6 26. Rfe1 h4 27. Nh1 Nh5 28.
Qc1 Nf4 29. Re3 Qf6 30. Qc2 Re7 31. Qa2+ Kh7 32. Qd2 Rg7 33. Rb3 Nd3 34. Rxd3
exd3 35. Qxd3 Rd8 36. Qf3 Rgd7 37. Rf1 Rd3 38. Qf4 Kh8 39. Qc1 Kg7 40. Qc7+
R8d7 41. Qc1 Qd6 42. Qa1+ Qd4 43. g3 hxg3 44. Nxg3 Rxg3+ 45. Kh2 Qxa1 46. Rxa1
Rb3 47. a4 Rxb4 48. axb5 axb5 49. Ra6 Rb7 50. Kg3 g5 51. Rd6 Rc4 52. Rd5 Kf6
53. Rd6+ Ke5 54. Rd8 Rc3+ 55. Kg2 Rcc7 56. Re8+ Kf4 57. Rd8 Rc4 58. Rd3 g4 59.
h4 b4 60. h5 b3 61. Rd1 b2 62. Rb1 Rc1 63. Rxb2 Rxb2 64. h6 Rc8 65. h7 Rh8 66.
Kg1 Rxh7 67. Kg2 Re7 68. Kg1 g3 69. fxg3+ Kxg3 70. Kf1 Ra7 0-1

[Event "UK Armed Forces ch"]
[Site "Wittering"]
[Date "2023.04.16"]
[Round "5.20"]
[White "Buckingham, Michael J"]
[Black "McBride, Robert"]
[Result "1/2-1/2"]
[WhiteElo "1567"]
[BlackElo "1350"]
[PlyCount "58"]
[EventDate "2023.04.14"]
[EventType "swiss"]
[EventRounds "7"]
[EventCountry "ENG"]
[SourceVersionDate "2023.04.22"]

1. e4 e5 2. Nf3 Nc6 3. Bc4 Nf6 4. d4 d6 5. dxe5 Nxe4 6. Bxf7+ Kxf7 7. Qd5+ Be6
8. Qxe4 d5 9. Qf4+ Ke8 10. O-O Be7 11. Nc3 Rf8 12. Qa4 a6 13. Nd4 b5 14. Nxe6
bxa4 15. Nxd8 Rxd8 16. f4 Nb4 17. Rf2 Bc5 18. Rb1 Nxc2 19. Nxa4 Bxf2+ 20. Kxf2
g5 21. Nc5 Ke7 22. g3 d4 23. Nd3 Rd5 24. Bd2 Ke6 25. Rc1 Ne3 26. Rxc7 Ng4+ 27.
Kg2 Ne3+ 28. Kf3 Kf5 29. Bxe3 g4+ 1/2-1/2

[Event "UK Armed Forces ch"]
[Site "Wittering"]
[Date "2023.04.16"]
[Round "5.21"]
[White "Blair, Jimmy"]
[Black "Lock, Benedict"]
[Result "1-0"]
[WhiteElo "1509"]
[BlackElo "1200"]
[PlyCount "61"]
[EventDate "2023.04.14"]
[EventType "swiss"]
[EventRounds "7"]
[EventCountry "ENG"]
[SourceVersionDate "2023.04.22"]

1. e4 c5 2. Nf3 Nc6 3. Bc4 e5 4. d3 f6 5. Bxg8 Rxg8 6. O-O d6 7. c3 Be6 8. Be3
c4 9. dxc4 Bxc4 10. Re1 d5 11. b3 dxe4 12. Qxd8+ Rxd8 13. Nfd2 Bd3 14. b4 Bxb4
15. cxb4 Nxb4 16. Na3 Rc8 17. Rac1 Kd7 18. Rcd1 Nxa2 19. Nxe4 Nb4 20. Nc5+ Rxc5
21. Bxc5 a5 22. Bxb4 axb4 23. Rxd3+ Ke6 24. Nb5 Rc8 25. Rb3 Rc4 26. f3 Kd5 27.
Rd1+ Kc5 28. Nd6 g6 29. Nxc4 Kxc4 30. Rdb1 e4 31. Rxb4+ 1-0